000 00297nam a2200109Ia 4500
008 200302s9999 xx 000 0 und d
100 _aRiichi Miyake
245 _aShigeru Ban- Paper in Architecture
260 _bRizzoli International Publications Inc. New York
260 _c2009
300 _a232 P.,
999 _c4411
_d4411